Sports Quiz

Random Sports or Olympics Quiz

Over/Under: The Olympic Games Quiz Stats

Quiz Updated Feb 25, 2018

Challenge
Share
Tweet
Embed
Score 0/27 Timer 07:00
11 Plays Today
Question/Number Actual is (O)ver or (U)nder % Correct
Olympic Rings on the Olympic Flag: 7???
94.5%
First year the Winter Olympics were held: 1912???
82.3%
First year the Modern Olympic Games were held: 1900???
81.3%
Times the Olympic Games have been held in the United States: 10 ???
76.3%
Of 28 medals won by Michael Phelps, the number of gold medals: 21???
72.6%
Number of combined Summer and Winter Olympic Games: 44???
70.6%
First year of the Olympic Torch Relay: 1948???
62.2%
Times the Olympic Games have been held in Europe: 29???
61.1%
US medals won at all Olympic games: 2,000???
59.6%
Oldest recognized Olympic Medal winner: 69???
57.8%
Final year of Tug-of-War competition: 1928???
52.5%
Number of nations participating in the 2004 Athens Summer Games: 190???
49.1%
Number of official Olympic languages: 5???
47.2%
Since World War II, first Olympic year not to have both Summer and Winter Olympics: 1992???
46.3%
Question/Number Actual is (O)ver or (U)nder % Correct
Number of times a country has hosted both Summer & Winter in the same Olympic year: 2???
45%
Number of nations participating in the first Modern Olympic Games: 16???
42.1%
Number of athletes who participated in the 2008 Beijing Summer Games: 12,000???
41.7%
First Official Paralympic Games: 1976???
40.5%
Longest-lasting official Olympic Games: 5 months???
40.1%
Number of Olympic nations that have participated in all Summer Olympics: 7???
40%
Last year the Olympic Gold Medals were made of solid gold: 1920 ???
39.4%
First year the Olympic games were televised: 1948???
36%
Youngest recognized Olympic Medal winner: 12???
34.7%
Number of Olympic games that were cancelled due to war: 4???
33.9%
Number of Olympics that featured Art competitions: 5???
28.6%
Different official sports represented in the 2016 Rio de Janeiro games: 32???
27.9%
First Olympics to have women participate as athletes: 1908???
27.8%

You're not logged in!

Compare scores with friends on all Sporcle quizzes.
Sign Up with Email
OR
Log In

You Might Also Like...

Show Comments

Extras

Top Quizzes Today


Score Distribution

Your Account Isn't Verified!

In order to create a playlist on Sporcle, you need to verify the email address you used during registration. Go to your Sporcle Settings to finish the process.